| 000 | 00903cam a2200265 a 4500 | ||
|---|---|---|---|
| 001 | 3941303 | ||
| 003 | mut | ||
| 005 | 20240606081122.0 | ||
| 008 | 930423s1994 nyua b 001 0 eng | ||
| 010 | _a 93011090 | ||
| 020 | _a0060457686 | ||
| 040 |
_aDLC _cDLC _dDLC |
||
| 050 | 0 | 0 |
_aHB172 _b.S37 1994 |
| 082 | 0 | 0 |
_a338.5 _220 |
| 100 | 1 | _aSchotter, A. | |
| 245 | 1 | 0 |
_aMicroeconomics : _ba modern approach / |
| 260 |
_aNew York, NY : _bHarperCollins College Publishers, _cc1994. |
||
| 300 |
_axxx, 635 p. : _bill. (some col.) ; _c25 cm. |
||
| 440 | 4 | _aThe HarperCollins series in economics | |
| 504 | _aIncludes bibliographical references and index. | ||
| 650 | 0 | _aMicroeconomics. | |
| 906 |
_a7 _bcbc _corignew _d1 _eocip _f19 _gy-gencatlg |
||
| 942 |
_2lcc _cBK |
||
| 999 |
_c9711 _d9711 |
||